Rents - the ever increasing burden (Record no. 65237)
[ view plain ]
| 000 -LEADER | |
|---|---|
| fixed length control field | 01358cam a2200253 4500 |
| 001 - CONTROL NUMBER | |
| control field | ABS63163 |
| 008 - FIXED-LENGTH DATA ELEMENTS--GENERAL INFORMATION | |
| fixed length control field | 000000n2000 000 0 eng u |
| 035 ## - SYSTEM CONTROL NUMBER | |
| System control number | (Sirsi) u109300 |
| 245 ## - TITLE STATEMENT | |
| Title | Rents - the ever increasing burden |
| 260 ## - PUBLICATION, DISTRIBUTION, ETC. | |
| Date of publication, distribution, etc. | 2000 |
| 490 ## - SERIES STATEMENT | |
| Series statement | Housing Today |
| Volume/sequential designation | (205) 12 October 2000, 16-17(2) |
| 520 ## - SUMMARY, ETC. | |
| Summary, etc. | Discusses the current climate of change in social housing, focusing on the challenges faced by housing associations (HAs). A survey by Housing Today highlights a number of factors HAs are having to contend with. Rent restructuring was felt to be a key challenge, with many HAs concerned about the impact of holding rents to RPI plus zero. The increase in ADP was generally welcomed, although half the respondents felt it was insufficient. Other commonly felt challenges included regeneration, addressing changing demand, Best Value, and financial constraints particularly in housing benefit administration. Finally HAs identified the items they would like to see included in a housing bill. |
| 590 ## - LOCAL NOTE (RLIN) | |
| Local note | ABS |
| 650 ## - SUBJECT ADDED ENTRY--TOPICAL TERM | |
| Topical term or geographic name entry element | HOUSING GREEN PAPER |
| 650 ## - SUBJECT ADDED ENTRY--TOPICAL TERM | |
| Topical term or geographic name entry element | RENTS |
| 650 ## - SUBJECT ADDED ENTRY--TOPICAL TERM | |
| Topical term or geographic name entry element | BEST VALUE |
| 650 ## - SUBJECT ADDED ENTRY--TOPICAL TERM | |
| Topical term or geographic name entry element | HOUSING BENEFIT |
| 650 ## - SUBJECT ADDED ENTRY--TOPICAL TERM | |
| Topical term or geographic name entry element | ALL ITEMS RETAIL PRICES INDEX |
| 650 ## - SUBJECT ADDED ENTRY--TOPICAL TERM | |
| Topical term or geographic name entry element | SURVEYS |
| 650 ## - SUBJECT ADDED ENTRY--TOPICAL TERM | |
| Topical term or geographic name entry element | APPROVED DEVELOPMENT PROGRAMME |
| 650 ## - SUBJECT ADDED ENTRY--TOPICAL TERM | |
| Topical term or geographic name entry element | HOUSING ASSOCIATIONS |
| 690 ## - LOCAL SUBJECT ADDED ENTRY--TOPICAL TERM (OCLC, RLIN) | |
| Topical term or geographic name as entry element | Affordable housing |
| 9 (RLIN) | 6215 |
| 942 ## - ADDED ENTRY ELEMENTS (KOHA) | |
| Suppress in OPAC | 0 |
| Withdrawn status | Lost status | Source of classification or shelving scheme | Damaged status | Not for loan | Home library | Current library | Shelving location | Date acquired | Total Checkouts | Full call number | Barcode | Date last seen | Copy number | Price effective from | Koha item type |
|---|---|---|---|---|---|---|---|---|---|---|---|---|---|---|---|
| Dewey Decimal Classification | London | London | Journal article | 13/11/2000 | ABS63163 | 109300-1001 | 06/08/2019 | 1 | 06/08/2019 | Journal article |